The Cathedrals of Northern Spain... (Record no. 5270)

MARC details
000 -LEADER
campo de control de longitud fija 00653npm a2200205 i 4500
001 - NÚMERO DE CONTROL
campo de control 5270
003 - IDENTIFICADOR DE NÚMERO DE CONTROL
campo de control ES-MaACL
005 - FECHA Y HORA DE LA ÚLTIMA TRANSACCIÓN
campo de control 20230908152436.0
007 - CAMPO FIJO DE DESCRIPCIÓN FÍSICA--INFORMACIÓN GENERAL
campo de control de longitud fija hzrazu bucu
008 - DATOS DE LONGITUD FIJA--INFORMACIÓN GENERAL
campo de control de longitud fija 900426r19901906xxu b 00010 eng d
080 ## - NÚMERO DE LA CLASIFICACIÓN DECIMAL UNIVERSAL
Número de la Clasificación Decimal Universal 726.6(46)
100 1# - ENTRADA PRINCIPAL--NOMBRE DE PERSONA
Nombre de persona Rudy, Charles.
9 (RLIN) 100501
245 14 - MENCIÓN DEL TÍTULO
Título The Cathedrals of Northern Spain...
Resto del título : [Microforma] /
Mención de responsabilidad, etc. by Charles Rudy.
260 ## - PUBLICACIÓN, DISTRIBUCIÓN, ETC.
Lugar de publicación, distribución, etc. Madrid :
Nombre del editor, distribuidor, etc. Ateneo Cientifico, Literario y Artistico,
Fecha de publicación, distribución, etc. 1990.
300 ## - DESCRIPCIÓN FÍSICA
Extensión 2 microfichas :
Otras características físicas negativo.
500 ## - NOTA GENERAL
Nota general Publicado originalmente: Boston, L. C. Company,1906.
852 ## - LOCALIZACIÓN
Ubicación ES-MaACL
Número de control de estantería MCF-55
itemnumber 5387
Ubicación en estantería Depósito 1
942 ## - ELEMENTOS DE ENTRADA SECUNDARIOS (KOHA)
Fuente del sistema de clasificación o colocación Clasificación decimal universal
Tipo de ítem Koha Microforma
Holdings
Estatus retirado Estado de pérdida Estado de daño No para préstamo Biblioteca de origen Biblioteca actual Ubicación en estantería Fecha de adquisición Fuente de adquisición Total de préstamos Signatura topográfica completa Código de barras Visto por última vez Precio de reemplazo Tipo de ítem Koha
        Biblioteca del Ateneo de Madrid Biblioteca del Ateneo de Madrid Depósito 1 17/01/2008     MCF-55 1005333 23/02/2023 23/02/2023 Microforma